000 01113naa a22002897a 4500
001 BR8706974
003 BR-BrBNA
005 20240918175858.0
007 ta
008 230509b bl.||||| |||| 00| 0 por d
040 _aBR-BrBNA
_bpor
_cBiblioteca Nacional de Agricultura
041 _a(Pt)
072 _aF60
_b0960
090 _aF60 BR8706974
100 1 _aCampos, S.
100 1 _aKlar, A.E.
100 1 _aCataneo, A.
111 1 _a15. Congresso Brasileiro de Engenharia Agricola; 1. Feira Nacional de Equipamentos e Tecnicas Agropecuarias
_cSao Paulo, SP (Brazil)
_d8 Jul 1986
245 1 _aDeficits hidricos em plantas de morango (Fragaria spp)1. Resistencia a seca
260 3 _aSao Paulo, SP (Brasil):
_c1986.
500 _aAnais do 15. Congresso Brasileiro de Engenharia Agricola Sao Paulo, SP (Brasil): 1986. p. 174-183 (BR8706974-AM)F60
650 _aMORANGO
650 _aDEFICIENCIA HIDRICA
773 0 _tAnais do 15. Congresso Brasileiro de Engenharia Agricola
_wF60 BR8706974
_gSao Paulo, SP (Brasil), 1986. p. 174-183
909 _a202404
_bLucia
_c55
_dLucia Elande
942 _cAM
_2AGRIS
999 _c318573
_d318573